Spell the Marvel Character #145 - Statistics

General Stats
  • This quiz has been taken 14 times
  • The average score is 4 of 6
Answer Stats
Picture Answer % Correct
Angel
100%
Armor
85%
Moon Girl
77%
Gorilla-Man
62%
Magma
62%
Multiple Man
62%
No matching quizzes found
Score Distribution
Percent of People with Each Score
Percentile by Number Answered
Your Score History
You have not taken this quiz